| 000 | 02962nam0a2200397 4500 | ||
|---|---|---|---|
| 001 | RU\NLR\BIBL_A\012552044 | ||
| 005 | 20211018131438.0 | ||
| 010 |
_a978-5-00128-513-7 _9500 |
||
| 021 |
_aRU _bКН-П-21-009108 _9КН-П-21-0724 |
||
| 035 | _a(NLR Aleph) 012552044 | ||
| 035 | _a(RuMoRGB)010577146 | ||
| 090 |
_a12433175 _c12433175 |
||
| 100 | _a20210624d2020 k y0rusy50 ca | ||
| 101 | 0 | _arus | |
| 102 | _aRU | ||
| 105 | _ay|||z|||110zy | ||
| 181 | 0 |
_ai4 _baxxe |
|
| 182 | 0 | _an | |
| 200 | 1 |
_aПути повышения уровня правосознания и правовой грамотности в современном гражданском обществе _eматериалы Международной научно-практической конференции, посвященной 75-летию со дня окончания Великой Отечественной войны (1941-1945 гг.), 30 апреля 2020 г. _fЧеченский государственный педагогический университет, Институт филологии, истории и права, Кафедра правовых дисциплин, Межрегиональная ассоциация конституционалистов России _gредакционная коллегия: Авакьян Сурен Адибекович, профессор, доктор юридических наук, заслуженный деятель науки РФ [и др.] |
|
| 203 |
_aТекст _bвизуальный _cнепосредственный |
||
| 210 |
_aГрозный _cЧГПУ _aМахачкала _cАлеф _d2020 |
||
| 215 |
_a397, [1] с. _d20 |
||
| 320 | _aБиблиогр. в конце ст. и в подстроч. примеч. | ||
| 606 | 1 |
_aПраво _jСъезды, совещания и т.п _9894779 _3RU\NLR\AUTH\664055 |
|
| 606 | 1 |
_aПравосознание _jСъезды, совещания и т.п _91630362 _3RU\NLR\AUTH\66720100 |
|
| 686 | 1 | _aХ.я431 | |
| 686 | 1 | _aХ062.003я431 | |
| 702 | 1 |
_4340 _7ca _8rus _aАвакьян _bС. А. _f1940- _gСурен Адибекович _9147197 _3RU\NLR\AUTH\770147233 |
|
| 711 | 1 | 2 |
_a"Пути повышения уровня правосознания и правовой грамотности в современном гражданском обществе", международная научно-практическая конференция _eГрозный _f2020 _9758643 _3RU\NLR\AUTH\880546836 |
| 712 | 0 | 2 |
_4570 _aЧеченский государственный педагогический университет _bКафедра правовых дисциплин _cГрозный _9758642 _3RU\NLR\AUTH\880546835 |
| 942 | _cBOOK | ||
| 980 | _aNBR | ||
| 980 | _aNB | ||